[Event "Hamburg-ch Seniors 65+ op 26th"]
[Site "Hamburg"]
[Date "2019.11.17"]
[Round "7"]
[White "Keuneke, Hanno"]
[Black "Eberhardt, Michael"]
[Result "0-1"]
[WhiteElo "1756"]
[BlackElo "1677"]
[PlyCount "50"]
[EventDate "2019.11.11"]
[EventType "swiss"]
[EventRounds "9"]
[EventCountry "GER"]
[SourceTitle "EXT 2022"]
[Source "ChessBase"]
[SourceDate "2021.10.06"]
[SourceVersion "1"]
[SourceVersionDate "2021.10.06"]
[SourceQuality "1"]

1. e4 d5 2. exd5 Nf6 3. d4 Bg4 4. f3 Bf5 5. g4 Bg6 6. c4 e6 7. Nc3 exd5 8. g5 Nh5 9. Qe2+ Be7 10. Nxd5 Nc6 11. Nxe7 Nxe7 12. Be3 0-0 13. 0-0-0 Nf5 14. Qf2 Nxe3 15. Qxe3 Re8 16. Qd2 Qd6 17. Ne2 Bf5 18. Bg2 Rad8 19. h4 Ng3 20. Nxg3 Qxg3 21. h5 Qd6 22. Rhe1 Qa6 23. Rxe8+ Rxe8 24. b3 Qa3+ 25. Qb2 Qxb2+ 0-1

[Event "Hamburg-ch Seniors 65+ op 26th"]
[Site "Hamburg"]
[Date "2019.11.15"]
[Round "5"]
[White "Keuneke, Hanno"]
[Black "Raedisch, Peter"]
[Result "1-0"]
[WhiteElo "1756"]
[BlackElo "1570"]
[PlyCount "125"]
[EventDate "2019.11.11"]
[EventType "swiss"]
[EventRounds "9"]
[EventCountry "GER"]
[SourceTitle "EXT 2022"]
[Source "ChessBase"]
[SourceDate "2021.10.06"]
[SourceVersion "1"]
[SourceVersionDate "2021.10.06"]
[SourceQuality "1"]

1. e4 e5 2. Nf3 Nc6 3. Bb5 Bc5 4. c3 Qe7 5. d4 exd4 6. 0-0 a6 7. cxd4 Ba7 8. Bxc6 dxc6 9. e5 Bg4 10. Be3 0-0-0 11. Bg5 f6 12. exf6 Nxf6 13. Re1 Qf8 14. Nbd2 Bxd4 15. Qb3 h6 16. Bh4 g5 17. Bg3 Ba7 18. h3 Bd7 19. Ne5 Rh7 20. Ng6 Qf7 21. Qc2 Be6 22. Nf3 Nh5 23. Bh2 Rg7 24. Nge5 Qf6 25. Rad1 Rxd1 26. Qxd1 g4 27. hxg4 Bxg4 28. Nxg4 Qf8 29. Nge5 Qc5 30. Nd3 Qf8 31. Nfe5 Ng3 32. Qf3 Qxf3 33. Nxf3 Kd7 34. Bxg3 Rxg3 35. Kh2 Rg7 36. Nfe5+ Kd6 37. f3 Bd4 38. f4 c5 39. Nf3 b6 40. Nxd4 cxd4 41. f5 Re7 42. Rxe7 Kxe7 43. g4 Kf6 44. Kg3 h5 45. Kh4 hxg4 46. Kxg4 c5 47. Kf4 c4 48. Nb4 b5 49. Nd5+ Kf7 50. Ne3 Kf6 51. Kf3 Ke5 52. Kf2 Kf6 53. Ke1 Ke5 54. Kd2 Kf6 55. Kc2 Ke5 56. b3 Ke4 57. Nd1 Kxf5 58. bxc4 bxc4 59. Ne3+ Ke4 60. Nxc4 a5 61. Nxa5 Ke3 62. Nb3 Ke2 63. a4 1-0

[Event "SVE Seniors op 2nd"]
[Site "Eidelstedt"]
[Date "2019.07.29"]
[Round "5"]
[White "Keuneke, Hanno"]
[Black "Ruider, Thomas"]
[Result "1/2-1/2"]
[WhiteElo "1756"]
[BlackElo "1790"]
[PlyCount "68"]
[EventDate "2019.07.15"]
[EventType "swiss"]
[EventRounds "7"]
[EventCountry "GER"]
[SourceTitle "EXT 2020"]
[Source "ChessBase"]
[SourceDate "2019.10.17"]
[SourceVersion "1"]
[SourceVersionDate "2019.10.17"]
[SourceQuality "1"]

1. e4 d5 2. exd5 Nf6 3. d4 Nxd5 4. Nf3 Bf5 5. Bd3 Bxd3 6. Qxd3 Nc6 7. 0-0 e6 8. Re1 Be7 9. c4 Nf6 10. Nc3 0-0 11. Bf4 Bd6 12. Bxd6 cxd6 13. a3 Rc8 14. b4 h6 15. d5 exd5 16. Nxd5 Nxd5 17. Qxd5 Qc7 18. Rad1 Rfd8 19. Nd4 Nxd4 20. Rxd4 Qc6 21. Qxc6 bxc6 22. Red1 d5 23. Kf1 Kf8 24. cxd5 c5 25. Rc4 cxb4 26. Rxb4 Rd7 27. Ke2 Rc2+ 28. Kf1 Ra2 29. Rb3 Ke7 30. Rbd3 Rb7 31. R1d2 Rxd2 32. Rxd2 Kd6 33. Ke2 Rb5 34. Rd4 Rxd5 1/2-1/2

[Event "SVE Seniors op 2nd"]
[Site "Eidelstedt"]
[Date "2019.07.22"]
[Round "3"]
[White "Keuneke, Hanno"]
[Black "Berking, Bernhard"]
[Result "1-0"]
[WhiteElo "1756"]
[BlackElo "1627"]
[PlyCount "69"]
[EventDate "2019.07.15"]
[EventType "swiss"]
[EventRounds "7"]
[EventCountry "GER"]
[SourceTitle "EXT 2020"]
[Source "ChessBase"]
[SourceDate "2019.10.17"]
[SourceVersion "1"]
[SourceVersionDate "2019.10.17"]
[SourceQuality "1"]

1. e4 c5 2. Nf3 d6 3. d4 cxd4 4. Nxd4 Nf6 5. Nc3 g6 6. Be3 Bg7 7. Bc4 0-0 8. f3 Bd7 9. Qd2 Nc6 10. 0-0-0 Rc8 11. Bb3 Na5 12. g4 Nxb3+ 13. Nxb3 b6 14. h4 h5 15. Bh6 Ne8 16. gxh5 Bxc3 17. bxc3 Ng7 18. hxg6 Be6 19. gxf7+ Rxf7 20. Rhg1 Kh7 21. Rxg7+ Rxg7 22. Bxg7 Kxg7 23. Rg1+ Kf7 24. h5 Qh8 25. h6 Ke8 26. Kb2 a5 27. Nd4 Bc4 28. Qg5 Kd7 29. Qg7 b5 30. Nf5 Qxg7 31. Rxg7 Re8 32. h7 Kd8 33. Rxe7 Rh8 34. Ra7 Be6 35. Nxd6 1-0

[Event "SVE Seniors op 2nd"]
[Site "Eidelstedt"]
[Date "2019.07.17"]
[Round "2"]
[White "Grimm, Uwe"]
[Black "Keuneke, Hanno"]
[Result "1-0"]
[WhiteElo "2069"]
[BlackElo "1756"]
[PlyCount "53"]
[EventDate "2019.07.15"]
[EventType "swiss"]
[EventRounds "7"]
[EventCountry "GER"]
[SourceTitle "EXT 2020"]
[Source "ChessBase"]
[SourceDate "2019.10.17"]
[SourceVersion "1"]
[SourceVersionDate "2019.10.17"]
[SourceQuality "1"]

1. e4 e5 2. Nf3 Nc6 3. Bc4 Nf6 4. Ng5 Bc5 5. Nxf7 Bxf2+ 6. Kf1 Qe7 7. Nxh8 d5 8. Qf3 Nd4 9. Qxf2 Nxe4 10. Qf7+ Qxf7+ 11. Nxf7 dxc4 12. Nc3 Nxc2 13. Nxe5 Nxc3 14. dxc3 Nxa1 15. Bf4 Bf5 16. Kf2 Nc2 17. Nxc4 Kd7 18. Rd1+ Kc6 19. g4 Be4 20. Ne5+ Kb5 21. Rd7 Rf8 22. Kg3 Ne1 23. Rxg7 Ng2 24. c4+ Ka6 25. Bd2 Re8 26. Nd7 b6 27. Nf6 1-0

[Event "Hamburg-ch Seniors 65+"]
[Site "Hamburg"]
[Date "2018.11.04"]
[Round "5"]
[White "Keuneke, Hanno"]
[Black "Klausberger, Wolfgang"]
[Result "1/2-1/2"]
[WhiteElo "1750"]
[BlackElo "1608"]
[PlyCount "80"]
[EventDate "2018.10.31"]
[EventType "swiss"]
[EventRounds "9"]
[EventCountry "GER"]
[SourceTitle "CBM 189 Extra"]
[Source "ChessBase"]
[SourceDate "2019.06.03"]
[SourceVersion "1"]
[SourceVersionDate "2019.06.03"]
[SourceQuality "1"]

1. e4 d6 2. d4 Nf6 3. Nc3 g6 4. f4 c5 5. dxc5 Qa5 6. Qd3 Qxc5 7. Be3 Qa5 8. Qb5+ Nc6 9. Nf3 a6 10. Qxa5 Nxa5 11. Bb6 Nc6 12. 0-0-0 Bg7 13. h3 0-0 14. g4 Nd7 15. Bd4 Nxd4 16. Nxd4 b5 17. Nd5 e6 18. Ne7+ Kh8 19. Nxc8 Raxc8 20. Nb3 Nc5 21. Nxc5 dxc5 22. Rd6 Ra8 23. Bg2 Bd4 24. Re1 Rfd8 25. e5 Rab8 26. Rxa6 Bf2 27. Re2 Bg3 28. Re4 Rd4 29. f5 Rxe4 30. Bxe4 Bf4+ 31. Kd1 Rd8+ 32. Ke2 gxf5 33. gxf5 exf5 34. Bxf5 Bxe5 35. b3 Kg7 36. Ra7 Rd6 37. a4 bxa4 38. Rxa4 Rf6 39. Bg4 Bd4 40. Kd3 Bf2 1/2-1/2

[Event "Hamburg-ch Seniors 65+"]
[Site "Hamburg"]
[Date "2018.11.02"]
[Round "3"]
[White "Wang, Huanying"]
[Black "Keuneke, Hanno"]
[Result "0-1"]
[WhiteElo "1305"]
[BlackElo "1750"]
[PlyCount "100"]
[EventDate "2018.10.31"]
[EventType "swiss"]
[EventRounds "9"]
[EventCountry "GER"]
[SourceTitle "CBM 189 Extra"]
[Source "ChessBase"]
[SourceDate "2019.06.03"]
[SourceVersion "1"]
[SourceVersionDate "2019.06.03"]
[SourceQuality "1"]

1. e4 e5 2. Bc4 Nf6 3. d3 Nc6 4. Nf3 Bb4+ 5. c3 Be7 6. 0-0 0-0 7. Be3 d6 8. h3 Na5 9. Na3 Nxc4 10. Nxc4 c6 11. Bg5 b5 12. Ncd2 a5 13. d4 Nd7 14. h4 h6 15. Be3 Bxh4 16. Nh2 Bg5 17. Qf3 Bxe3 18. Qxe3 Nf6 19. f4 exf4 20. Rxf4 Nh5 21. Rf2 Qg5 22. Qxg5 hxg5 23. e5 dxe5 24. dxe5 Nf4 25. Ndf3 f6 26. Rd1 g4 27. Nxg4 Bxg4 28. Rd6 Bxf3 29. Rxf3 fxe5 30. Rxc6 Ne2+ 31. Kf2 Nc1 32. Ke3 Rxf3+ 33. gxf3 Nxa2 34. Ke4 Nc1 35. Kxe5 Nd3+ 36. Kd6 Nxb2 37. Kc7 a4 38. Kb7 Rf8 39. Ka6 Rf6 40. Kxb5 Rxc6 41. Kxc6 a3 42. Kb5 a2 43. c4 Nxc4 44. Kxc4 a1Q 45. Kd3 Qa4 46. Ke3 Kf7 47. Kf2 Kf6 48. Kg2 Kf5 49. Kf2 Kf4 50. Kg2 Qd1 0-1

[Event "Pinneberg-ch"]
[Site "Pinneberg"]
[Date "2018.08.30"]
[Round "3"]
[White "Keuneke, Hanno"]
[Black "Schoppe, Gottfried"]
[Result "1-0"]
[WhiteElo "1590"]
[BlackElo "1433"]
[PlyCount "159"]
[EventDate "2018.08.16"]
[EventType "swiss"]
[EventRounds "7"]
[EventCountry "GER"]
[SourceTitle "EXT 2019"]
[Source "ChessBase"]
[SourceDate "2018.10.10"]
[SourceVersion "1"]
[SourceVersionDate "2018.10.10"]
[SourceQuality "1"]

1. e4 e5 2. Nf3 Nc6 3. Bb5 d6 4. d4 exd4 5. Nxd4 Nge7 6. 0-0 g6 7. Bg5 Bd7 8. Bf6 Rg8 9. Nxc6 Bxc6 10. Bxc6+ bxc6 11. Qd4 c5 12. Qc3 Qd7 13. Nd2 Nc6 14. Nf3 Be7 15. Rad1 Qe6 16. Bxe7 Qxe7 17. Rfe1 0-0-0 18. Qc4 Nb8 19. Rd2 Rge8 20. Red1 Qxe4 21. Qxf7 Re7 22. Qd5 Rde8 23. Qxe4 Rxe4 24. Kf1 h6 25. Re1 Rxe1+ 26. Nxe1 Nc6 27. Re2 Rxe2 28. Kxe2 Ne5 29. f4 Nc6 30. c3 Kd7 31. Nf3 Ke6 32. g4 Ne7 33. c4 Nc6 34. Kd2 a5 35. Kc3 a4 36. a3 Na5 37. Nd2 c6 38. Ne4 Nb3 39. Kd3 Nc1+ 40. Ke3 Nb3 41. Nc3 Na5 42. Kd3 Nb3 43. Nxa4 d5 44. Nb6 d4 45. a4 h5 46. h3 hxg4 47. hxg4 Na5 48. b4 cxb4 49. Kxd4 c5+ 50. Kd3 Nb7 51. Nd5 Na5 52. Ne3 Kf6 53. Nf1 Ke6 54. Nd2 Kf7 55. Ne4 Nb7 56. Kc2 Ke7 57. Kd3 Kf7 58. Nd2 Na5 59. Ke4 Ke6 60. Kd3 Kf7 61. Ne4 Nb7 62. a5 Nxa5 63. Nxc5 b3 64. Na4 Kf6 65. Kc3 Ke7 66. Kb4 Nc6+ 67. Kxb3 Nd4+ 68. Kb4 Ne6 69. Nc3 Kd6 70. Nd5 Nd4 71. Ne3 Nc6+ 72. Kb5 Nd4+ 73. Kb6 Ne6 74. f5 gxf5 75. Nxf5+ Kd7 76. c5 Nc7 77. g5 Nd5+ 78. Kb7 Nc7 79. c6+ Kd8 80. g6 1-0

[Event "GER-ch Seniors 65"]
[Site "Hamburg"]
[Date "2018.07.26"]
[Round "6"]
[White "Keuneke, Hanno"]
[Black "Geissler, Karl Heinz"]
[Result "1-0"]
[WhiteElo "1750"]
[BlackElo "1574"]
[PlyCount "59"]
[EventDate "2018.07.21"]
[EventType "swiss"]
[EventRounds "9"]
[EventCountry "GER"]
[SourceTitle "CBM 186 Extra"]
[Source "ChessBase"]
[SourceDate "2018.08.24"]
[SourceVersion "1"]
[SourceVersionDate "2018.08.24"]
[SourceQuality "1"]

1. e4 e6 2. d4 d5 3. Nc3 Nf6 4. Bg5 Be7 5. e5 Nfd7 6. Bxe7 Qxe7 7. f4 0-0 8. Qg4 a6 9. Nf3 f6 10. exf6 Nxf6 11. Qh4 Nc6 12. Bd3 h6 13. Ne5 Re8 14. Bg6 Qb4 15. 0-0-0 Re7 16. Nxc6 bxc6 17. a3 Qd6 18. Rhe1 Bd7 19. Re5 Be8 20. Bd3 Nd7 21. Re2 c5 22. dxc5 Nxc5 23. Nxd5 Nxd3+ 24. Rxd3 Kf8 25. Qxe7+ Qxe7 26. Nxe7 Kxe7 27. Rde3 Bh5 28. Rxe6+ Kf8 29. Re1 Bg4 30. Rc6 1-0

[Event "Crawley e2e4 Gatwick op U1950"]
[Site "Crawley"]
[Date "2016.02.21"]
[Round "4"]
[White "Keuneke, Hanno"]
[Black "Crockett, Stephen J"]
[Result "1/2-1/2"]
[WhiteElo "1745"]
[BlackElo "1468"]
[PlyCount "42"]
[EventDate "2016.02.19"]
[EventType "swiss"]
[EventRounds "5"]
[EventCountry "ENG"]
[SourceTitle "EXT 2019"]
[Source "ChessBase"]
[SourceDate "2018.10.10"]
[SourceVersion "1"]
[SourceVersionDate "2018.10.10"]
[SourceQuality "1"]

1. e4 e6 2. d4 d5 3. Nc3 Nf6 4. Bg5 dxe4 5. Nxe4 Be7 6. Bxf6 Bxf6 7. Nxf6+ Qxf6 8. Nf3 0-0 9. Bc4 Nc6 10. c3 b6 11. 0-0 Bb7 12. Re1 Ne7 13. Ne5 Qg5 14. Qg4 Qxg4 15. Nxg4 Nd5 16. f3 Rac8 17. Ne5 Rfd8 18. a4 c5 19. Rad1 f6 20. Ng4 Kf7 21. Bb3 h5 1/2-1/2

[Event "Hamburg-ch Seniors 21st"]
[Site "Hamburg"]
[Date "2014.11.06"]
[Round "9"]
[White "Keuneke, Hanno"]
[Black "Zimmermann, Manfred"]
[Result "1-0"]
[WhiteElo "1616"]
[BlackElo "1520"]
[PlyCount "73"]
[EventDate "2014.10.29"]
[EventType "swiss"]
[EventRounds "9"]
[EventCountry "GER"]
[SourceTitle "EXT 2018"]
[Source "ChessBase"]
[SourceDate "2017.10.13"]
[SourceVersion "1"]
[SourceVersionDate "2017.10.13"]
[SourceQuality "1"]

1. e4 c5 2. Nf3 d6 3. d4 cxd4 4. Nxd4 Nf6 5. Nc3 a6 6. Bg5 e6 7. f4 Be7 8. Qf3 0-0 9. 0-0-0 Qc7 10. Be2 Nc6 11. f5 Nxd4 12. Rxd4 b5 13. Rhd1 Bb7 14. Bxf6 Bxf6 15. Rxd6 Rad8 16. Rxd8 Rxd8 17. Rxd8+ Qxd8 18. fxe6 fxe6 19. Qd3 Qc7 20. g3 Qb6 21. h4 Qd4 22. a3 Kf7 23. h5 Bc6 24. Qxd4 Bxd4 25. Bd3 Kf6 26. Kd2 Kg5 27. Be2 Bxc3+ 28. Kxc3 Bxe4 29. Kb4 Bxc2 30. Ka5 e5 31. Kxa6 Ba4 32. Ka5 e4 33. Kb4 Bc2 34. Bxb5 e3 35. Be2 Kf5 36. Kc3 Bb1 37. Kd4 1-0

[Event "Hamburg-ch Seniors 21st"]
[Site "Hamburg"]
[Date "2014.10.30"]
[Round "3"]
[White "Keuneke, Hanno"]
[Black "Hofmeier, Arthur"]
[Result "1-0"]
[WhiteElo "1616"]
[BlackElo "1247"]
[PlyCount "39"]
[EventDate "2014.10.29"]
[EventType "swiss"]
[EventRounds "9"]
[EventCountry "GER"]
[SourceTitle "EXT 2018"]
[Source "ChessBase"]
[SourceDate "2017.10.13"]
[SourceVersion "1"]
[SourceVersionDate "2017.10.13"]
[SourceQuality "1"]

1. e4 c5 2. Nf3 Nc6 3. d4 cxd4 4. Nxd4 a6 5. Nc3 e6 6. a3 Be7 7. Be3 Nf6 8. Be2 h6 9. Nxc6 bxc6 10. 0-0 Qc7 11. f4 Bb7 12. Bf3 Rb8 13. Qd2 d6 14. Na4 c5 15. Nc3 Rd8 16. Qf2 0-0 17. e5 dxe5 18. fxe5 Bxf3 19. exf6 Bxf6 20. Qxf3 1-0

[Event "Hamburg-ch Seniors 21st"]
[Site "Hamburg"]
[Date "2014.10.29"]
[Round "1"]
[White "Keuneke, Hanno"]
[Black "Kibilka, Ulrich"]
[Result "1-0"]
[WhiteElo "1616"]
[BlackElo "1204"]
[PlyCount "43"]
[EventDate "2014.10.29"]
[EventType "swiss"]
[EventRounds "9"]
[EventCountry "GER"]
[SourceTitle "EXT 2018"]
[Source "ChessBase"]
[SourceDate "2017.10.13"]
[SourceVersion "1"]
[SourceVersionDate "2017.10.13"]
[SourceQuality "1"]

1. e4 e6 2. d4 d5 3. Nc3 c5 4. Be3 c4 5. e5 a6 6. Qg4 Ne7 7. Nf3 Ng6 8. Be2 Be7 9. h4 h5 10. Qg3 Nd7 11. Ng5 Ndf8 12. Qf3 f6 13. exf6 Bxf6 14. b3 b5 15. bxc4 bxc4 16. Bxc4 Qa5 17. Bd2 Qc7 18. Bb3 Bxd4 19. Ba4+ Bd7 20. Qf7+ Kd8 21. Bxd7 Nxd7 22. Nxe6+ 1-0

[Event "Hamburg-ch Seniors 21st"]
[Site "Hamburg"]
[Date "2014.10.29"]
[Round "2"]
[White "Ristic, Sreten"]
[Black "Keuneke, Hanno"]
[Result "1-0"]
[WhiteElo "1796"]
[BlackElo "1616"]
[PlyCount "41"]
[EventDate "2014.10.29"]
[EventType "swiss"]
[EventRounds "9"]
[EventCountry "GER"]
[SourceTitle "EXT 2018"]
[Source "ChessBase"]
[SourceDate "2017.10.13"]
[SourceVersion "1"]
[SourceVersionDate "2017.10.13"]
[SourceQuality "1"]

1. Nf3 Nf6 2. g3 g6 3. Bg2 Bg7 4. b3 0-0 5. Bb2 d6 6. c4 e5 7. d3 c6 8. Nc3 Bg4 9. h3 Be6 10. 0-0 Nbd7 11. Kh2 Nc5 12. Ng5 Bd7 13. Qd2 Bh6 14. b4 Ng4+ 15. hxg4 Bxg5 16. f4 exf4 17. gxf4 Bh6 18. g5 Ne6 19. gxh6 Qh4+ 20. Kg1 Qxh6 21. Ne4 1-0

[Event "Hamburg St Pauli op-B"]
[Site "Hamburg"]
[Date "2014.07.24"]
[Round "6"]
[White "Klausberger, Wolfgang"]
[Black "Keuneke, Hanno"]
[Result "1-0"]
[WhiteElo "1567"]
[BlackElo "1781"]
[PlyCount "69"]
[EventDate "2014.07.19"]
[EventType "swiss"]
[EventRounds "9"]
[EventCountry "GER"]
[SourceTitle "CBM 161 Extra"]
[Source "ChessBase"]
[SourceDate "2014.08.29"]
[SourceVersion "1"]
[SourceVersionDate "2014.08.29"]
[SourceQuality "1"]

1. c4 Nf6 2. g3 g6 3. Bg2 Bg7 4. Nc3 0-0 5. d4 c6 6. Nf3 d5 7. b3 Nbd7 8. Bf4 Re8 9. 0-0 b6 10. Ne5 Nxe5 11. Bxe5 e6 12. Re1 Bf8 13. a3 Bb7 14. e4 Nd7 15. Bf4 dxe4 16. Nxe4 Bg7 17. Nd6 Qb8 18. Nxe8 Qxe8 19. Ra2 Rd8 20. Rd2 Qe7 21. b4 g5 22. Be3 f5 23. f4 g4 24. h3 Nf6 25. h4 Nh5 26. Bf2 Qd7 27. Qe2 Bc8 28. Red1 Qc7 29. Qe3 Bf6 30. d5 exd5 31. cxd5 c5 32. d6 Qd7 33. bxc5 Re8 34. Qb3+ Kh8 35. c6 1-0

[Event "Hamburg-ch MB"]
[Site "Hamburg"]
[Date "2014.06.10"]
[Round "4"]
[White "Keuneke, Hanno"]
[Black "Amini, Mahmood"]
[Result "1-0"]
[WhiteElo "1781"]
[BlackElo "1764"]
[PlyCount "65"]
[EventDate "2014.06.07"]
[EventType "swiss"]
[EventRounds "9"]
[EventCountry "GER"]
[SourceTitle "CBM 161 Extra"]
[Source "ChessBase"]
[SourceDate "2014.08.29"]
[SourceVersion "1"]
[SourceVersionDate "2014.08.29"]
[SourceQuality "1"]

1. e4 e5 2. Nf3 Nf6 3. Nxe5 Qe7 4. d4 d6 5. Nf3 Qxe4+ 6. Be2 Bf5 7. c4 Be7 8. Nc3 Qe6 9. 0-0 c6 10. Re1 0-0 11. Bd3 Qd7 12. Bxf5 Qxf5 13. Rxe7 Nbd7 14. Nh4 Qa5 15. Bd2 Qd8 16. Re1 Qb6 17. Bc1 Rae8 18. Rxe8 Rxe8 19. Nf3 h6 20. Qc2 Nf8 21. Bf4 Ne6 22. Bxd6 Nxd4 23. Nxd4 Qxd4 24. c5 b6 25. Qd1 bxc5 26. Qxd4 cxd4 27. Na4 Re2 28. Kf1 Rc2 29. Rd1 Ne4 30. Rxd4 Nd2+ 31. Ke1 Nb1 32. Rd1 Rc4 33. Nc5 1-0

[Event "Hamburg-ch MB"]
[Site "Hamburg"]
[Date "2014.06.09"]
[Round "3"]
[White "Baberz, Alexander"]
[Black "Keuneke, Hanno"]
[Result "1-0"]
[WhiteElo "1919"]
[BlackElo "1781"]
[PlyCount "127"]
[EventDate "2014.06.07"]
[EventType "swiss"]
[EventRounds "9"]
[EventCountry "GER"]
[SourceTitle "CBM 161 Extra"]
[Source "ChessBase"]
[SourceDate "2014.08.29"]
[SourceVersion "1"]
[SourceVersionDate "2014.08.29"]
[SourceQuality "1"]

1. e4 e5 2. Nf3 Nc6 3. Bb5 a6 4. Ba4 Nf6 5. 0-0 Be7 6. Re1 b5 7. Bb3 d6 8. c3 0-0 9. h3 Na5 10. Bc2 c5 11. d4 Qc7 12. d5 Bd7 13. Nbd2 c4 14. Nf1 Ne8 15. g4 g6 16. Ng3 Ng7 17. Bh6 Nb7 18. Kh2 f6 19. Rg1 Nd8 20. Rg2 Nf7 21. Be3 Qc8 22. Qg1 Kh8 23. Rd1 Rb8 24. Bd2 Rb7 25. Nf1 Rg8 26. Ne3 Rb8 27. Be1 Ra8 28. Nd2 Rb8 29. Ndf1 Ng5 30. Nd2 Nf7 31. f3 Ra8 32. h4 Rb8 33. Kh1 Qd8 34. Qh2 Qf8 35. Bg3 Rc8 36. Rf1 Rb8 37. f4 Qe8 38. f5 g5 39. hxg5 Nxg5 40. Bh4 Qd8 41. Bxg5 fxg5 42. f6 Bxf6 43. Qh6 Ne8 44. Rh2 Qe7 45. Rf3 Qg7 46. Qh3 Qg6 47. Ndf1 Rf8 48. Ng3 Ng7 49. Nef5 Nxf5 50. gxf5 Qg8 51. Qg4 Be8 52. Kg2 Rb7 53. Rf1 Rff7 54. Rfh1 Rg7 55. Rh6 Qf8 56. Bd1 Kg8 57. Qh3 Kh8 58. Bh5 Bxh5 59. Nxh5 g4 60. Qh2 Bg5 61. Nxg7 Qxg7 62. Rg6 Qe7 63. f6 Bxf6 64. Qh6 1-0

[Event "Hamburg-ch MB"]
[Site "Hamburg"]
[Date "2014.06.07"]
[Round "1"]
[White "Gehn, Roland"]
[Black "Keuneke, Hanno"]
[Result "1-0"]
[WhiteElo "1904"]
[BlackElo "1781"]
[PlyCount "35"]
[EventDate "2014.06.07"]
[EventType "swiss"]
[EventRounds "9"]
[EventCountry "GER"]
[SourceTitle "CBM 161 Extra"]
[Source "ChessBase"]
[SourceDate "2014.08.29"]
[SourceVersion "1"]
[SourceVersionDate "2014.08.29"]
[SourceQuality "1"]

1. e4 e5 2. Nf3 Nc6 3. Bc4 Nf6 4. d4 exd4 5. 0-0 Bc5 6. e5 d5 7. exf6 dxc4 8. Re1+ Be6 9. Ng5 Qd5 10. Nc3 Qf5 11. Nce4 Bb6 12. Nxf7 Kxf7 13. Ng5+ Kg6 14. Nxe6 Kxf6 15. Bg5+ Kg6 16. Nf4+ Kxg5 17. Qh5+ Kf6 18. Nd5+ 1-0

[Event "Sunningdale e2e4 U1800 op 04"]
[Site "Sunningdale"]
[Date "2014.04.20"]
[Round "6"]
[White "Keuneke, Hanno"]
[Black "Headlong, Benjamin"]
[Result "1-0"]
[WhiteElo "1791"]
[BlackElo "1563"]
[PlyCount "105"]
[EventDate "2014.04.17"]
[EventType "swiss"]
[EventRounds "7"]
[EventCountry "ENG"]
[SourceTitle "EXT 2015"]
[Source "ChessBase"]
[SourceDate "2014.11.20"]
[SourceVersion "1"]
[SourceVersionDate "2014.11.20"]
[SourceQuality "1"]

1. e4 e5 2. Nf3 Nc6 3. Bb5 a6 4. Ba4 Nf6 5. 0-0 b5 6. Bb3 Bc5 7. Nxe5 Nxe5 8. d4 Bxd4 9. Qxd4 Nc6 10. Qd1 0-0 11. Re1 Re8 12. f3 Ne5 13. f4 Nfg4 14. fxe5 Qh4 15. Bxf7+ Kxf7 16. Rf1+ Kg8 17. Bf4 c6 18. Nd2 Qh5 19. h3 d5 20. hxg4 Bxg4 21. Qe1 g5 22. Bg3 Re6 23. Rf6 Rae8 24. Qf2 Rxf6 25. exf6 dxe4 26. Qa7 Qf7 27. Qxf7+ Kxf7 28. Rf1 e3 29. Nf3 Bxf3 30. Rxf3 g4 31. Rf4 e2 32. Be1 h5 33. Kf2 Re5 34. Bc3 g3+ 35. Ke1 Re8 36. Rf5 Rh8 37. Kxe2 h4 38. Kf3 h3 39. gxh3 Rxh3 40. Kg2 Rh2+ 41. Kxg3 Rxc2 42. Rf2 Rxf2 43. Kxf2 c5 44. b3 a5 45. Ke3 Ke6 46. Ke4 b4 47. Bb2 a4 48. bxa4 c4 49. a5 c3 50. Bxc3 bxc3 51. Kd3 Kxf6 52. a6 c2 53. Kxc2 1-0

[Event "High Wycombe e2e4 Challengers op 03"]
[Site "High Wycombe"]
[Date "2014.03.16"]
[Round "4"]
[White "Keuneke, Hanno"]
[Black "Sucikova, Svetlana"]
[Result "0-1"]
[WhiteElo "1835"]
[BlackElo "1966"]
[PlyCount "124"]
[EventDate "2014.03.14"]
[EventType "swiss"]
[EventRounds "5"]
[EventCountry "ENG"]
[SourceTitle "EXT 2015"]
[Source "ChessBase"]
[SourceDate "2014.11.20"]
[SourceVersion "1"]
[SourceVersionDate "2014.11.20"]
[SourceQuality "1"]

1. e4 c6 2. d4 d5 3. Nc3 dxe4 4. Nxe4 Bf5 5. Ng3 Bg6 6. h4 h6 7. Nf3 Nf6 8. Ne5 Bh7 9. c3 Nbd7 10. Qb3 Nxe5 11. dxe5 Nd7 12. e6 fxe6 13. Qxe6 Nc5 14. Qe3 Nd3+ 15. Bxd3 Qxd3 16. Qxd3 Bxd3 17. Be3 Bc4 18. b3 Be6 19. 0-0 Kf7 20. Rfe1 b6 21. Rad1 Rg8 22. Rd2 Re8 23. Red1 g6 24. Ne2 Bg7 25. Bd4 Bf6 26. g3 Bg4 27. Kg2 h5 28. f3 Bf5 29. Be3 e5 30. c4 Rd8 31. Nc3 Rxd2+ 32. Rxd2 Rd8 33. Ne4 Rxd2+ 34. Bxd2 Be7 35. Ng5+ Bxg5 36. hxg5 Bb1 37. c5 bxc5 38. a3 Ke6 39. Kf2 Kd5 40. Ke3 Bc2 41. b4 Kc4 42. Ke2 Kb3 43. Be3 c4 44. Bxa7 Bd3+ 45. Kd2 Bf5 46. Bc5 Kb2 47. Bd6 c3+ 48. Ke2 c2 49. Bxe5+ Kb1 50. Bf4 c1Q 51. Bxc1 Kxc1 52. a4 Kc2 53. Ke3 Kb3 54. a5 Bc8 55. f4 Kxb4 56. f5 gxf5 57. g6 Kxa5 58. Kd4 Be6 59. Ke5 Bg8 60. Kxf5 c5 61. Kf6 c4 62. Kg7 Bd5 0-1

[Event "Pinneberg op Seniors 15th"]
[Site "Pinneberg"]
[Date "2014.??.??"]
[Round "1"]
[White "Keuneke, Hanno"]
[Black "Hecht, Horst"]
[Result "1-0"]
[WhiteElo "1781"]
[BlackElo "1238"]
[PlyCount "57"]
[EventDate "2014.07.03"]
[EventType "swiss"]
[EventRounds "7"]
[EventCountry "GER"]
[SourceTitle "EXT 2017"]
[Source "ChessBase"]
[SourceDate "2016.10.25"]
[SourceVersion "1"]
[SourceVersionDate "2016.10.25"]
[SourceQuality "1"]

1. e4 e5 2. Nf3 Nc6 3. Bb5 Nf6 4. 0-0 Bc5 5. c3 Nxe4 6. d4 a6 7. Bxc6 bxc6 8. dxc5 Nxc5 9. Nxe5 0-0 10. Re1 Bb7 11. b4 d6 12. Nxf7 Rxf7 13. bxc5 Qf6 14. Be3 Rd8 15. Qd4 Re8 16. Qxf6 Rxf6 17. Nd2 a5 18. Bd4 Rfe6 19. Nf3 Bc8 20. Rxe6 Rxe6 21. Re1 Rxe1+ 22. Nxe1 Be6 23. a3 a4 24. Nd3 Kf7 25. Nb4 Bd7 26. Na6 d5 27. Nxc7 g6 28. Na8 Ke6 29. Nb6 1-0

[Event "Pinneberg op Seniors 15th"]
[Site "Pinneberg"]
[Date "2014.??.??"]
[Round "7"]
[White "Keuneke, Hanno"]
[Black "Iwanow, Thomas"]
[Result "1-0"]
[WhiteElo "1611"]
[BlackElo "1765"]
[PlyCount "89"]
[EventDate "2014.07.03"]
[EventType "swiss"]
[EventRounds "7"]
[EventCountry "GER"]
[SourceTitle "EXT 2017"]
[Source "ChessBase"]
[SourceDate "2016.10.25"]
[SourceVersion "1"]
[SourceVersionDate "2016.10.25"]
[SourceQuality "1"]

1. e4 b6 2. d4 Bb7 3. Bd3 e6 4. Nf3 c5 5. 0-0 cxd4 6. Nxd4 Nc6 7. Be3 Nf6 8. Nd2 Bc5 9. Nxc6 Bxc6 10. Bxc5 bxc5 11. e5 Nd5 12. Ne4 0-0 13. Nxc5 Qb6 14. Nb3 f5 15. Re1 Rf7 16. Bf1 Raf8 17. Qd4 Qc7 18. Nd2 Ne7 19. c4 Qb7 20. b3 g5 21. c5 Bd5 22. Nc4 Nc8 23. Nd6 Nxd6 24. exd6 g4 25. b4 h5 26. a4 h4 27. b5 Rg7 28. a5 h3 29. a6 Qa8 30. b6 Qc6 31. Reb1 Bxg2 32. Bb5 Qf3 33. Qe3 Qd5 34. Rd1 Qa8 35. b7 Qb8 36. Bxd7 f4 37. Qxe6+ Kh7 38. c6 Qd8 39. c7 Qh4 40. c8Q g3 41. fxg3 fxg3 42. Qe5 gxh2+ 43. Kxh2 Be4 44. Qxg7+ Kxg7 45. Qxf8+ 1-0